000 00390nam a22001697a 4500
003 OSt
005 20260429151549.0
008 260429b |||||||| |||| 00| 0 eng d
020 _a9789376564415
082 _a954.92 SYS
100 _aSYED,MH
245 _aSardar Vallabhbhai Patel
250 _a1st Ed
260 _aNagpur
_bHimalaya Books
_c2026
300 _a264p.
942 _2ddc
_cREF
999 _c13926
_d13926